[Event "HUN-chT2 Asztalos 2122"]
[Site "Hungary"]
[Date "2022.03.20"]
[Round "8.9"]
[White "Parrag, Sandor"]
[Black "Kohalmi, Endre Jr"]
[Result "1/2-1/2"]
[WhiteElo "1835"]
[BlackElo "2012"]
[PlyCount "108"]
[EventDate "2021.10.10"]
[EventType "team-tourn"]
[EventRounds "9"]
[EventCountry "HUN"]
[SourceTitle "EXT 2025"]
[Source "ChessBase"]
[SourceDate "2024.10.14"]
[SourceVersion "1"]
[SourceVersionDate "2024.10.14"]
[SourceQuality "1"]
[WhiteTeam "Gardony VSE"]
[BlackTeam "Szentlorinc"]
[WhiteTeamCountry "HUN"]
[BlackTeamCountry "HUN"]

1. d4 Nf6 2. Nf3 g6 3. g3 Bg7 4. Bg2 d6 5. c4 0-0 6. Nc3 Nc6 7. 0-0 e5 8. dxe5 dxe5 9. e4 h6 10. Qe2 Nd4 11. Qd1 Ne8 12. Be3 Be6 13. b3 c6 14. Qc1 Kh7 15. h3 Nxf3+ 16. Bxf3 Bxh3 17. Rd1 Qe7 18. Na4 b6 19. c5 b5 20. Nb2 Be6 21. Qc2 f5 22. exf5 Bxf5 23. Be4 Rc8 24. Rd2 Bxe4 25. Qxe4 Nf6 26. Qc2 Nd5 27. Re2 e4 28. Bd2 Bxb2 29. Qxb2 Qxc5 30. b4 Qb6 31. Qc1 Rf3 32. Bxh6 Rxg3+ 33. Kh2 Rf3 34. Kg2 Rf5 35. Bg5 Rcf8 36. Qh1+ Kg8 37. Qh4 Nf4+ 38. Bxf4 Rxf4 39. Qg3 c5 40. bxc5 Qe6 41. Qb3 Re8 42. c6 Rf7 43. Qxe6 Rxe6 44. Rc1 Rc7 45. Rec2 a6 46. Kg3 Rf6 47. a4 b4 48. Rc4 a5 49. Rc5 Rf3+ 50. Kg2 Rf5 51. Rxf5 gxf5 52. Rc5 f4 53. Rxa5 Rxc6 54. Rb5 b3 1/2-1/2

[Event "HUN-chT2 Asztalos 2122"]
[Site "Hungary"]
[Date "2022.02.13"]
[Round "6.8"]
[White "Kohalmi, Endre Jr"]
[Black "Nador, Zoltan"]
[Result "1-0"]
[WhiteElo "2012"]
[BlackElo "1754"]
[PlyCount "85"]
[EventDate "2021.10.10"]
[EventType "team-tourn"]
[EventRounds "9"]
[EventCountry "HUN"]
[SourceTitle "EXT 2025"]
[Source "ChessBase"]
[SourceDate "2024.10.14"]
[SourceVersion "1"]
[SourceVersionDate "2024.10.14"]
[SourceQuality "1"]
[WhiteTeam "Szentlorinc"]
[BlackTeam "Marcali"]
[WhiteTeamCountry "HUN"]
[BlackTeamCountry "HUN"]

1. d4 d6 2. c4 Nf6 3. Nc3 g6 4. e4 Bg7 5. Nf3 0-0 6. Be2 c5 7. d5 Nbd7 8. 0-0 Ne8 9. Ne1 f5 10. exf5 Rxf5 11. Bg4 Rf8 12. Be6+ Kh8 13. Nf3 Nef6 14. Ng5 Ne5 15. Bxc8 Qxc8 16. Ne6 Rf7 17. b3 a6 18. a4 Ng8 19. Nxg7 Kxg7 20. h3 Qf5 21. f4 Nd7 22. g4 Qf6 23. Bb2 Qh4 24. Ne4+ Kf8 25. Ng5 Ngf6 26. Qf3 Kg8 27. Nxf7 Kxf7 28. Kg2 Rf8 29. Rae1 Ke8 30. Qg3 Qxg3+ 31. Kxg3 Kd8 32. Kh4 h6 33. g5 hxg5+ 34. Kxg5 Rg8 35. Rg1 Rh8 36. Re3 Rg8 37. Rge1 Rg7 38. Bxf6 exf6+ 39. Kh6 Rg8 40. Kh7 Rf8 41. Kxg6 Rg8+ 42. Kf7 Rf8+ 43. Kg7 1-0

[Event "HUN-chT2 Asztalos 2122"]
[Site "Hungary"]
[Date "2021.12.05"]
[Round "3.8"]
[White "Kohalmi, Endre Jr"]
[Black "Grunwald, Geza"]
[Result "1/2-1/2"]
[WhiteElo "2012"]
[BlackElo "1775"]
[PlyCount "42"]
[EventDate "2021.10.10"]
[EventType "team-tourn"]
[EventRounds "9"]
[EventCountry "HUN"]
[SourceTitle "EXT 2025"]
[Source "ChessBase"]
[SourceDate "2024.10.14"]
[SourceVersion "1"]
[SourceVersionDate "2024.10.14"]
[SourceQuality "1"]
[WhiteTeam "Szentlorinc"]
[BlackTeam "Komlo Banyasz II"]
[WhiteTeamCountry "HUN"]
[BlackTeamCountry "HUN"]

1. d4 e6 2. c4 d5 3. Nc3 Nf6 4. Bg5 Be7 5. Nf3 0-0 6. Qc2 h6 7. Bh4 a6 8. cxd5 Nxd5 9. Bxe7 Qxe7 10. Nxd5 exd5 11. e3 c6 12. Bd3 Nd7 13. 0-0-0 Nf6 14. Ne5 Nd7 15. Nf3 c5 16. Kb1 c4 17. Bf5 Nf6 18. Rc1 Bxf5 19. Qxf5 Qe4+ 20. Qxe4 Nxe4 21. Rc2 b5 1/2-1/2

[Event "HUN-chT2 Asztalos 1112"]
[Site "Hungary"]
[Date "2011.09.25"]
[Round "1.9"]
[White "Kohalmi, Endre Jr"]
[Black "Balazs, Andras1"]
[Result "1-0"]
[WhiteElo "2003"]
[BlackElo "1988"]
[PlyCount "73"]
[EventDate "2011.09.25"]
[EventType "team-tourn"]
[EventRounds "11"]
[EventCountry "HUN"]
[SourceTitle "EXT 2013"]
[Source "ChessBase"]
[SourceDate "2012.11.22"]
[SourceVersion "1"]
[SourceVersionDate "2012.11.22"]
[SourceQuality "1"]
[WhiteTeam "Komlo"]
[BlackTeam "Mohacs"]
[WhiteTeamCountry "HUN"]
[BlackTeamCountry "HUN"]

1. d4 c5 2. d5 d6 3. e4 e5 4. Nc3 f5 5. Bb5+ Bd7 6. exf5 Nf6 7. Bg5 Bxb5 8. Nxb5 Qd7 9. Bxf6 gxf6 10. Qh5+ Ke7 11. Nc3 b5 12. f4 Na6 13. fxe5 fxe5 14. Qh4+ Ke8 15. Nh3 Qxf5 16. 0-0-0 Be7 17. Qe1 b4 18. Ne4 Kd7 19. Rf1 Qg6 20. Qe2 Nc7 21. Rf3 Raf8 22. Rg3 Qh6+ 23. Nhg5 Rf4 24. Kb1 Bxg5 25. Nxg5 Rg8 26. Ne4 Rgf8 27. h3 R8f7 28. Nxc5+ dxc5 29. d6 Rd4 30. dxc7 Rxd1+ 31. Qxd1+ Kxc7 32. a3 a5 33. Qd5 Qf8 34. Qxe5+ Kb6 35. Qe6+ Kb5 36. a4+ Kxa4 37. Qc6# 1-0

[Event "HUN-chT2 Asztalos 0910"]
[Site "Hungary"]
[Date "2010.02.28"]
[Round "7"]
[White "Domonkos, Andras"]
[Black "Kohalmi, Endre Jr"]
[Result "0-1"]
[WhiteElo "1905"]
[BlackElo "1991"]
[PlyCount "82"]
[EventDate "2009.11.08"]
[EventType "team-tourn"]
[EventRounds "11"]
[EventCountry "HUN"]
[SourceTitle "EXT 2011"]
[Source "ChessBase"]
[SourceDate "2010.11.26"]
[SourceVersion "1"]
[SourceVersionDate "2010.11.26"]
[SourceQuality "1"]
[WhiteTeam "Veszprem"]
[BlackTeam "Komlo"]
[WhiteTeamCountry "HUN"]
[BlackTeamCountry "HUN"]

1. c4 g6 2. Nc3 Bg7 3. d3 d6 4. g3 e5 5. Bg2 f5 6. e3 Nf6 7. Nge2 0-0 8. 0-0 c6 9. b4 d5 10. cxd5 Nxd5 11. Nxd5 cxd5 12. d4 e4 13. Qb3 Bh6 14. Nf4 Bxf4 15. exf4 a5 16. bxa5 Nc6 17. Be3 Nxa5 18. Qb4 b6 19. Rfc1 Ba6 20. Bf1 Bxf1 21. Kxf1 Nc4 22. Rab1 Nxe3+ 23. fxe3 Rxa2 24. h4 Rf6 25. Qb3 Rd2 26. Rc3 Qa8 27. Qa3 Qxa3 28. Rxa3 Kg7 29. Rab3 Rc6 30. R3b2 Rcc2 31. Rxc2 Rxc2 32. Rxb6 Kh6 33. Rb7 Kh5 34. Rxh7+ Kg4 35. h5 gxh5 36. Rg7+ Kf3 37. Ke1 Kxe3 38. Kd1 Kd3 39. Rg5 e3 40. Rxf5 e2+ 41. Ke1 Rc1+ 0-1

[Event "HUN-chT2 Asztalos 0708"]
[Site "Hungary"]
[Date "2008.03.02"]
[Round "7"]
[White "Gal, Peter"]
[Black "Kohalmi, Endre Jr"]
[Result "1-0"]
[WhiteElo "2079"]
[BlackElo "2032"]
[PlyCount "41"]
[EventDate "2007.10.14"]
[EventType "team-tourn"]
[EventRounds "11"]
[EventCountry "HUN"]
[SourceTitle "EXT 2009"]
[Source "ChessBase"]
[SourceDate "2008.11.26"]
[SourceVersion "1"]
[SourceVersionDate "2008.11.26"]
[SourceQuality "1"]
[WhiteTeam "Szekszard"]
[BlackTeam "Komlo Banyasz"]
[WhiteTeamCountry "HUN"]
[BlackTeamCountry "HUN"]

1. d4 b6 2. e4 Bb7 3. Nc3 e6 4. f4 Bb4 5. Bd3 Nf6 6. Qe2 c5 7. Nf3 c4 8. Bxc4 Nxe4 9. Bd2 Nxd2 10. Nxd2 0-0 11. 0-0 d5 12. Bd3 Nc6 13. Nf3 Bxc3 14. bxc3 Rc8 15. Bxh7+ Kxh7 16. Ng5+ Kh6 17. Rf3 g6 18. Rh3+ Kg7 19. Rh7+ Kf6 20. Qg4 Ke7 21. Qxe6# 1-0

[Event "HUN-chT2 Asztalos 0708"]
[Site "Hungary"]
[Date "2007.12.16"]
[Round "5"]
[White "Halpert, Sandor"]
[Black "Kohalmi, Endre Jr"]
[Result "0-1"]
[WhiteElo "2125"]
[BlackElo "2032"]
[PlyCount "37"]
[EventDate "2007.10.14"]
[EventType "team-tourn"]
[EventRounds "11"]
[EventCountry "HUN"]
[SourceTitle "EXT 2009"]
[Source "ChessBase"]
[SourceDate "2008.11.26"]
[SourceVersion "1"]
[SourceVersionDate "2008.11.26"]
[SourceQuality "1"]
[WhiteTeam "Dombovar"]
[BlackTeam "Komlo Banyasz"]
[WhiteTeamCountry "HUN"]
[BlackTeamCountry "HUN"]

1. c4 e5 2. e3 g6 3. Nc3 Bg7 4. Nge2 Ne7 5. f4 d5 6. cxd5 Nxd5 7. Nxd5 Qxd5 8. Nc3 Qe6 9. fxe5 Qxe5 10. Bc4 Be6 11. d4 Qd6 12. Bxe6 Qxe6 13. 0-0 0-0 14. Qf3 c6 15. Bd2 f5 16. Ne2 Nd7 17. Nf4 Qd6 18. a3 a5 19. b4 0-1

[Event "HUN-chT2 Asztalos 0708"]
[Site "Hungary"]
[Date "2007.12.09"]
[Round "4"]
[White "Kohalmi, Endre Jr"]
[Black "Manyoki, Anna"]
[Result "0-1"]
[WhiteElo "2032"]
[BlackElo "1979"]
[PlyCount "68"]
[EventDate "2007.10.14"]
[EventType "team-tourn"]
[EventRounds "11"]
[EventCountry "HUN"]
[SourceTitle "EXT 2009"]
[Source "ChessBase"]
[SourceDate "2008.11.26"]
[SourceVersion "1"]
[SourceVersionDate "2008.11.26"]
[SourceQuality "1"]
[WhiteTeam "Komlo Banyasz"]
[BlackTeam "Elore MAV"]
[WhiteTeamCountry "HUN"]
[BlackTeamCountry "HUN"]

1. d4 d5 2. c4 dxc4 3. Nf3 Nf6 4. Nc3 a6 5. e4 b5 6. a4 b4 7. Na2 a5 8. e5 Nd5 9. Bxc4 e6 10. Be3 Ba6 11. Qc2 c5 12. 0-0 Nc6 13. Bxa6 Rxa6 14. dxc5 Nxe3 15. fxe3 Qb8 16. Qc4 Qc8 17. Nc1 Be7 18. Nd3 0-0 19. Rac1 Rd8 20. Nd2 Rd5 21. Ne4 Nxe5 22. Nxe5 Rxe5 23. Nd6 Qc6 24. Qb5 f6 25. Rfd1 Rxe3 26. Kf2 Re5 27. b3 Rg5 28. g3 Rh5 29. Qb8+ Bf8 30. h4 Rxc5 31. Nc4 Rf5+ 32. Kg1 Qc5+ 33. Kh1 Qc6+ 34. Kg1 Ra8 0-1

[Event "HUN-chT2 Asztalos 0708"]
[Site "Hungary"]
[Date "2007.11.11"]
[Round "2"]
[White "Birkas, Gyorgy"]
[Black "Kohalmi, Endre Jr"]
[Result "1/2-1/2"]
[WhiteElo "2052"]
[BlackElo "2032"]
[PlyCount "83"]
[EventDate "2007.10.14"]
[EventType "team-tourn"]
[EventRounds "11"]
[EventCountry "HUN"]
[SourceTitle "EXT 2009"]
[Source "ChessBase"]
[SourceDate "2008.11.26"]
[SourceVersion "1"]
[SourceVersionDate "2008.11.26"]
[SourceQuality "1"]
[WhiteTeam "Koppany"]
[BlackTeam "Komlo Banyasz"]
[WhiteTeamCountry "HUN"]
[BlackTeamCountry "HUN"]

1. e4 e6 2. d4 d5 3. Nd2 Nf6 4. exd5 exd5 5. Ngf3 Bd6 6. Bd3 Bg4 7. h3 Bh5 8. Qe2+ Qe7 9. Qxe7+ Kxe7 10. Ne5 Nc6 11. Nxc6+ bxc6 12. 0-0 Rhe8 13. c4 Bf4 14. Nb3 g5 15. Na5 dxc4 16. Bxc4 Kd7 17. Bxf4 gxf4 18. Rac1 Rab8 19. Bb3 Re2 20. Nxc6 Rg8 21. Ne5+ Kc8 22. Rc6 Nd7 23. Bxf7 Nxe5 24. Bxh5 Nxc6 25. Bxe2 Nxd4 26. Bg4+ Kb8 27. Rd1 Rd8 28. Kf1 Kb7 29. Rd3 c5 30. a3 a5 31. Ke1 Kc6 32. Kd2 c4 33. Rxd4 Rxd4+ 34. Kc3 Kc5 35. Be2 h6 36. f3 Rd7 37. Bxc4 Rd1 38. b4+ axb4+ 39. axb4+ Kd6 40. Bd3 Kd5 41. Be4+ Kd6 42. Bd3 1/2-1/2

[Event "HUN-chT2 Asztalos 0607"]
[Site "Hungary"]
[Date "2007.05.20"]
[Round "11"]
[White "Szuhai, Balazs"]
[Black "Kohalmi, Endre Jr"]
[Result "0-1"]
[WhiteElo "2101"]
[BlackElo "2075"]
[PlyCount "68"]
[EventDate "2006.11.12"]
[EventType "team-tourn"]
[EventRounds "11"]
[EventCountry "HUN"]
[SourceTitle "EXT 2008"]
[Source "ChessBase"]
[SourceDate "2007.11.25"]
[SourceVersion "1"]
[SourceVersionDate "2007.11.25"]
[SourceQuality "1"]
[WhiteTeam "Szekszard"]
[BlackTeam "Komlo Banyasz"]
[WhiteTeamCountry "HUN"]
[BlackTeamCountry "HUN"]

1. d4 Nf6 2. c3 d5 3. Bf4 Bf5 4. e3 e6 5. Nf3 Nbd7 6. Nbd2 Be7 7. Be2 Nh5 8. Bg3 c6 9. Qb3 Nxg3 10. hxg3 Qb6 11. Nh4 Bxh4 12. Rxh4 Qc7 13. c4 0-0 14. Bd3 Bxd3 15. Qxd3 f5 16. g4 g6 17. gxf5 exf5 18. 0-0-0 Nf6 19. Rdh1 c5 20. Kb1 Rac8 21. dxc5 Qxc5 22. cxd5 Rfd8 23. Nb3 Qb6 24. Rd4 Rd6 25. f3 Nd7 26. e4 f4 27. Qd2 g5 28. g3 fxg3 29. Rg1 Rh6 30. Qxg5+ Rg6 31. Qf4 Qc7 32. d6 Qc2+ 33. Ka1 Qf2 34. Rdd1 Rxd6 0-1

[Event "HUN-chT2 Asztalos 0607"]
[Site "Hungary"]
[Date "2007.02.18"]
[Round "5"]
[White "Kohalmi, Endre Jr"]
[Black "Miovecz, Janos"]
[Result "1/2-1/2"]
[WhiteElo "2075"]
[BlackElo "2098"]
[PlyCount "82"]
[EventDate "2006.11.12"]
[EventType "team-tourn"]
[EventRounds "11"]
[EventCountry "HUN"]
[SourceTitle "EXT 2008"]
[Source "ChessBase"]
[SourceDate "2007.11.25"]
[SourceVersion "1"]
[SourceVersionDate "2007.11.25"]
[SourceQuality "1"]
[WhiteTeam "Komlo Banyasz"]
[BlackTeam "Szenna Pack II"]
[WhiteTeamCountry "HUN"]
[BlackTeamCountry "HUN"]

1. Nf3 Nf6 2. b3 d5 3. Bb2 e6 4. e3 c5 5. c4 Nc6 6. d4 cxd4 7. Nxd4 Bb4+ 8. Bc3 Qa5 9. Qd2 Bxc3 10. Nxc3 0-0 11. cxd5 Nxd4 12. exd4 Nxd5 13. Nxd5 Qxd5 14. Bc4 Qxg2 15. 0-0-0 g6 16. h4 h5 17. Rhg1 Qf3 18. Qh6 Qf6 19. Qxh5 Kg7 20. Qg5 Rh8 21. d5 exd5 22. Qxf6+ Kxf6 23. Rxd5 Be6 24. Rd4 Rac8 25. Kb2 Bxc4 26. bxc4 Rh5 27. Rgg4 Rf5 28. Rgf4 Rcc5 29. Kb3 b5 30. Rxf5+ Rxf5 31. Rd6+ Ke7 32. Ra6 bxc4+ 33. Kxc4 Rxf2 34. Rxa7+ Ke6 35. Ra4 f5 36. Kd3 Rh2 37. Ke3 Rh3+ 38. Kf2 Ke5 39. Kg2 Rc3 40. Ra6 Rc4 41. Rxg6 Rxh4 1/2-1/2

[Event "HUN-chT2 Asztalos 0607"]
[Site "Hungary"]
[Date "2006.11.19"]
[Round "2"]
[White "Kohalmi, Endre Jr"]
[Black "Bocska, Janos"]
[Result "0-1"]
[WhiteElo "2075"]
[BlackElo "2089"]
[PlyCount "83"]
[EventDate "2006.11.12"]
[EventType "team-tourn"]
[EventRounds "11"]
[EventCountry "HUN"]
[SourceTitle "EXT 2008"]
[Source "ChessBase"]
[SourceDate "2007.11.25"]
[SourceVersion "1"]
[SourceVersionDate "2007.11.25"]
[SourceQuality "1"]
[WhiteTeam "Komlo Banyasz"]
[BlackTeam "Nagyatad"]
[WhiteTeamCountry "HUN"]
[BlackTeamCountry "HUN"]

1. d4 Nf6 2. c4 c5 3. d5 d6 4. Nc3 g6 5. e4 Bg7 6. h3 0-0 7. Nf3 Na6 8. Bf4 Bd7 9. Be2 Nc7 10. 0-0 a6 11. a4 Rb8 12. e5 Nfe8 13. Ne4 Bf5 14. Bd3 b5 15. axb5 axb5 16. b3 Rb6 17. Qe2 Bxe4 18. Bxe4 bxc4 19. bxc4 dxe5 20. Bxe5 Nf6 21. Ra7 Nce8 22. Bd3 e6 23. dxe6 Rxe6 24. Qc2 Nh5 25. Bxg7 Nexg7 26. Rb1 Nf4 27. Be4 Rfe8 28. Ra8 Qe7 29. Rxe8+ Nxe8 30. Rb7 Qf6 31. h4 Nd6 32. Rb8+ Kg7 33. Ng5 Nxe4 34. Nxe6+ Qxe6 35. g3 Nh3+ 36. Kg2 Nhxf2 37. Qb2+ Kh6 38. Qc1+ Kh5 39. Qf4 Qh3+ 40. Kf3 Qh1+ 41. Ke2 Qd1+ 42. Ke3 0-1

[Event "HUN-chT2 Asztalos 0506"]
[Site "Hungary"]
[Date "2005.12.04"]
[Round "5"]
[White "Pais, Nimrod"]
[Black "Kohalmi, Endre Jr"]
[Result "1/2-1/2"]
[WhiteElo "2128"]
[BlackElo "2011"]
[PlyCount "96"]
[EventDate "2005.10.16"]
[EventType "team-tourn"]
[EventRounds "11"]
[EventCountry "HUN"]
[SourceTitle "EXT 2009"]
[Source "ChessBase"]
[SourceDate "2008.11.26"]
[SourceVersion "1"]
[SourceVersionDate "2008.11.26"]
[SourceQuality "1"]
[WhiteTeam "Fehervar"]
[BlackTeam "Komlo Banyasz"]
[WhiteTeamCountry "HUN"]
[BlackTeamCountry "HUN"]

1. d4 Nf6 2. Nf3 g6 3. c4 Bg7 4. Nc3 d6 5. h3 0-0 6. e4 e5 7. Be3 Nc6 8. Qd2 exd4 9. Nxd4 Re8 10. f3 Nh5 11. Nxc6 bxc6 12. 0-0-0 Ng3 13. Rg1 Nxf1 14. Rgxf1 Be6 15. b3 a5 16. a4 Qb8 17. Kc2 Qb7 18. Rb1 Red8 19. Bd4 Bxd4 20. Qxd4 d5 21. cxd5 cxd5 22. g4 c5 23. Qe5 d4 24. Nb5 d3+ 25. Kd2 Rac8 26. Rfc1 Qe7 27. g5 Qd7 28. h4 c4 29. bxc4 Bxc4 30. Rb2 Rc6 31. Qg3 Bxb5 32. axb5 Rxc1 33. Kxc1 Qd4 34. Qf2 Qc3+ 35. Kd1 Rc8 36. Qd2 Qd4 37. Qf2 Qa4+ 38. Kd2 Qc4 39. Ke3 Qc5+ 40. Kf4 Qd6+ 41. Kg4 Rd8 42. Qd2 f5+ 43. gxf6 Qe6+ 44. Kg3 Qe5+ 45. Kg2 Qxf6 46. b6 Rb8 47. Rb3 Rxb6 48. Qxd3 Rxb3 1/2-1/2

[Event "HUN-ch U16"]
[Site "Balatonlelle"]
[Date "2005.07.05"]
[Round "7"]
[White "Csatlos, Bela"]
[Black "Kohalmi, Endre Jr"]
[Result "0-1"]
[WhiteElo "2000"]
[BlackElo "2032"]
[PlyCount "116"]
[EventDate "2005.06.29"]
[EventType "swiss"]
[EventRounds "9"]
[EventCountry "HUN"]
[SourceTitle "EXT 2008"]
[Source "ChessBase"]
[SourceDate "2007.11.25"]
[SourceVersion "1"]
[SourceVersionDate "2007.11.25"]
[SourceQuality "1"]

1. d4 Nf6 2. Bf4 g6 3. Nf3 Bg7 4. e3 d6 5. Bd3 0-0 6. Nbd2 Nbd7 7. c3 Nh5 8. Bg5 Qe8 9. Qc2 e5 10. 0-0-0 a6 11. g4 Nhf6 12. Rdg1 b5 13. h4 c5 14. h5 c4 15. Be4 d5 16. Bxf6 Nxf6 17. Bxg6 fxg6 18. Nxe5 Nd7 19. f4 Bxe5 20. dxe5 Nc5 21. Nf3 Nd3+ 22. Kd1 b4 23. hxg6 bxc3 24. gxh7+ Kh8 25. Qxc3 Be6 26. Rh2 Qa4+ 27. b3 cxb3 28. axb3 Qb5 29. Nd4 Qb6 30. Qxd3 Bd7 31. e6 Bb5 32. Nxb5 axb5 33. Qc3+ d4 34. exd4 Rfc8 35. Qe3 Ra1+ 36. Ke2 Ra2+ 37. Kf3 Rxh2 38. Qe5+ Kxh7 39. Kg3 Rh6 40. g5 Rc3+ 41. Kg4 Qxe6+ 42. f5 Qxe5 43. dxe5 Rhc6 44. Ra1 Rc7 45. Ra8 Rxb3 46. f6 Rbc3 47. Kf5 Rc8 48. Rxc8 Rxc8 49. Ke6 Kg6 50. Kd7 Rc5 51. e6 Rxg5 52. Ke7 Rf5 53. f7 Kg7 54. Ke8 b4 55. Ke7 b3 56. f8Q+ Rxf8 57. Kd7 b2 58. e7 b1Q 0-1

[Event "HUN-ch U16"]
[Site "Balatonlelle"]
[Date "2005.07.04"]
[Round "6"]
[White "Kohalmi, Endre Jr"]
[Black "Katona, Ferenc Jr"]
[Result "1-0"]
[WhiteElo "2032"]
[BlackElo "1826"]
[PlyCount "61"]
[EventDate "2005.06.29"]
[EventType "swiss"]
[EventRounds "9"]
[EventCountry "HUN"]
[SourceTitle "EXT 2008"]
[Source "ChessBase"]
[SourceDate "2007.11.25"]
[SourceVersion "1"]
[SourceVersionDate "2007.11.25"]
[SourceQuality "1"]

1. d4 f5 2. Bg5 g6 3. h4 Bg7 4. Nc3 d5 5. e3 Nf6 6. h5 e6 7. hxg6 hxg6 8. Rxh8+ Bxh8 9. Nf3 Qe7 10. Bd3 c6 11. Qe2 Nbd7 12. 0-0-0 e5 13. Rh1 Bg7 14. dxe5 Nxe5 15. Rh7 Nxf3 16. Qxf3 Qf8 17. Bxf6 Qxf6 18. Qg3 Be6 19. Qc7 Qf7 20. Rxg7 Qxc7 21. Rxc7 Rb8 22. g4 Bd7 23. gxf5 Kd8 24. Nxd5 gxf5 25. Bxf5 Bxf5 26. Rf7 Bg6 27. Rf8+ Be8 28. Nf6 Ke7 29. Rxe8+ Rxe8 30. Nxe8 Kxe8 31. Kd2 1-0

[Event "HUN-ch U16"]
[Site "Balatonlelle"]
[Date "2005.07.02"]
[Round "4"]
[White "Kohalmi, Endre Jr"]
[Black "Banusz, Tamas"]
[Result "0-1"]
[WhiteElo "2032"]
[BlackElo "2393"]
[PlyCount "56"]
[EventDate "2005.06.29"]
[EventType "swiss"]
[EventRounds "9"]
[EventCountry "HUN"]
[SourceTitle "EXT 2008"]
[Source "ChessBase"]
[SourceDate "2007.11.25"]
[SourceVersion "1"]
[SourceVersionDate "2007.11.25"]
[SourceQuality "1"]

1. d4 d5 2. c4 e6 3. Nc3 c6 4. Nf3 Nf6 5. cxd5 exd5 6. Bg5 h6 7. Bh4 Bf5 8. Qb3 g5 9. Bg3 Qb6 10. e3 Nbd7 11. Be2 Nh5 12. Be5 Nxe5 13. Nxe5 Nf6 14. Nd3 Bd6 15. Rc1 0-0 16. h3 Rfe8 17. 0-0 Kg7 18. Rfd1 h5 19. Qxb6 axb6 20. b3 g4 21. hxg4 hxg4 22. g3 Rh8 23. Kg2 Ne4 24. Na4 b5 25. Nac5 Rxa2 26. Re1 Nxc5 27. Nxc5 Bxc5 28. dxc5 Be4+ 0-1

[Event "HUN-ch U16"]
[Site "Balatonlelle"]
[Date "2005.06.30"]
[Round "2"]
[White "Kohalmi, Endre Jr"]
[Black "Bakos, Balazs"]
[Result "0-1"]
[WhiteElo "2032"]
[BlackElo "2212"]
[PlyCount "64"]
[EventDate "2005.06.29"]
[EventType "swiss"]
[EventRounds "9"]
[EventCountry "HUN"]
[SourceTitle "EXT 2008"]
[Source "ChessBase"]
[SourceDate "2007.11.25"]
[SourceVersion "1"]
[SourceVersionDate "2007.11.25"]
[SourceQuality "1"]

1. d4 Nf6 2. c4 c5 3. d5 b5 4. cxb5 a6 5. e3 axb5 6. Bxb5 Qa5+ 7. Nc3 Bb7 8. Bd2 Qb6 9. Bc4 e6 10. Qf3 Na6 11. e4 Nb4 12. Kd1 Ba6 13. Qe2 Bxc4 14. Qxc4 Ng4 15. Nh3 Ne5 16. Qb5 Qa7 17. b3 Be7 18. f4 Ned3 19. Ke2 Nb2 20. Bc1 Rb8 21. Bxb2 Rxb5 22. Nxb5 Qa6 23. a4 exd5 24. exd5 Qg6 25. Rac1 Qd3+ 26. Ke1 Bh4+ 27. g3 Qe4+ 28. Kd2 Qxd5+ 29. Ke2 Qe4+ 30. Kf2 Nd3+ 31. Kg1 Qe3+ 32. Kg2 Qe2+ 0-1

[Event "HUN-chT2 Asztalos 0405"]
[Site "Hungary"]
[Date "2005.02.20"]
[Round "8"]
[White "Kohalmi, Endre Jr"]
[Black "Molnar, Tamas1"]
[Result "1-0"]
[WhiteElo "2077"]
[BlackElo "2112"]
[PlyCount "45"]
[EventDate "2004.09.26"]
[EventType "team-tourn"]
[EventRounds "11"]
[EventCountry "HUN"]
[SourceTitle "EXT 2009"]
[Source "ChessBase"]
[SourceDate "2008.11.26"]
[SourceVersion "1"]
[SourceVersionDate "2008.11.26"]
[SourceQuality "1"]
[WhiteTeam "Komlo Banyasz"]
[BlackTeam "Koppany"]
[WhiteTeamCountry "HUN"]
[BlackTeamCountry "HUN"]

1. d4 e6 2. c4 Nf6 3. Nf3 Nc6 4. Bg5 h6 5. Bh4 Bb4+ 6. Nc3 g5 7. Bg3 Ne4 8. Qd3 Nxg3 9. hxg3 Qf6 10. e3 d6 11. Nd2 e5 12. Nd5 Bxd2+ 13. Qxd2 Qd8 14. 0-0-0 Be6 15. f4 e4 16. fxg5 Bxd5 17. cxd5 Nb8 18. Rh5 Nd7 19. Be2 Qe7 20. Qa5 0-0-0 21. Qxa7 hxg5 22. Bg4 c6 23. Rxh8 1-0

[Event "HUN-chT2 Asztalos 0405"]
[Site "Hungary"]
[Date "2004.12.05"]
[Round "4"]
[White "Kohalmi, Endre Jr"]
[Black "Berta, Tibor"]
[Result "1/2-1/2"]
[WhiteElo "2077"]
[BlackElo "2134"]
[PlyCount "100"]
[EventDate "2004.09.26"]
[EventType "team-tourn"]
[EventRounds "11"]
[EventCountry "HUN"]
[SourceTitle "EXT 2009"]
[Source "ChessBase"]
[SourceDate "2008.11.26"]
[SourceVersion "1"]
[SourceVersionDate "2008.11.26"]
[SourceQuality "1"]
[WhiteTeam "Komlo Banyasz"]
[BlackTeam "Paks II"]
[WhiteTeamCountry "HUN"]
[BlackTeamCountry "HUN"]

1. d4 Nf6 2. c4 e6 3. Nf3 b6 4. g3 Bb7 5. Bg2 Be7 6. 0-0 0-0 7. Nc3 Ne4 8. Qd3 Nxc3 9. Qxc3 f5 10. Ne1 Bxg2 11. Nxg2 Bf6 12. Qd3 Nc6 13. e3 Qe7 14. f3 g6 15. Bd2 a5 16. Bc3 Bg7 17. Nf4 Qf7 18. Ne2 Rfe8 19. Qd2 d6 20. b3 Rad8 21. a3 e5 22. d5 Nb8 23. e4 Nd7 24. b4 axb4 25. axb4 Ra8 26. Qd3 Bh6 27. Bd2 Bxd2 28. Qxd2 Rxa1 29. Rxa1 fxe4 30. fxe4 Qf3 31. Nc3 Rf8 32. Re1 Rf7 33. Qe3 Qf6 34. Nb5 Nb8 35. Qd2 Na6 36. Ra1 Qf3 37. Qe1 Nxb4 38. Ra8+ Kg7 39. Nxc7 Rxc7 40. Qxb4 Qe3+ 41. Kg2 Qxe4+ 42. Kh3 Rxc4 43. Ra7+ Kh6 44. Qd2+ g5 45. Qf2 Qg6 46. Qf8+ Kh5 47. g4+ Rxg4 48. Qf3 Qe4 49. Qf7+ Kh6 50. Qf6+ Kh5 1/2-1/2